000 00329nam a22001457a 4500
008 210609b ||||| |||| 00| 0 eng d
020 _a9780071259293
041 _aeng
080 _23rd
_a621
082 _a621
100 _a26
101 _aMEK
245 _aFundamentals of Structural Analysis
_cLeet,K.M
942 _2udc
_cBK
999 _c58080
_d58080